مكتبة جامعة عجلون الوطنية

فهرس بحث المكتبة

Normal view MARC view
  • التعليم العالي - البلاد العربية

Entry Topical Term

Number of records used in: 1

001 - CONTROL NUMBER

  • control field: 52191

003 - CONTROL NUMBER IDENTIFIER

  • control field: JO-AjAnu

005 - DATE AND TIME OF LATEST TRANSACTION

  • control field: 20230606082600.0

008 - FIXED-LENGTH DATA ELEMENTS

  • fixed length control field: 230606|| aca||aabn | a|a d

040 ## - CATALOGING SOURCE

  • Original cataloging agency: JO-AjAnu
  • Transcribing agency: JO-AjAnu

150 ## - HEADING--TOPICAL TERM

  • Topical term or geographic name entry element: التعليم العالي - البلاد العربية

670 ## - SOURCE DATA FOUND

  • Source citation: Work cat.: (JO-AjAnu)26672: الأمانة العامة لإتحاد الجامعات العربية, author 52190, ورشة العمل الخاصة بالتقويم الذاتي والخارجي للجامعات العربية أعضاء الإتحاد: تنظمها الأمانة العامة لإتحاد الجامعات العربية للفترة بين 4-6 ديسمبر/كانون الأول 2004 ، عمان - المملكة الأردنية الهاشمية ؛ جامعة العلوم والتكنولوجيا الأردنية معلومات وإحصاءات